000 00437nam a2200193Ia 4500
005 20240823052212.0
008 240823s9999||||xx |||||||||||||| ||und||
020 _a978-93-80238-02-9
041 _aTAMIL
082 _A894.81109 P9
100 _aDevi J
245 0 _aSubamangalaavin Ilakkiya Pankalippu
250 _a1st
260 _c2009
_bNal
500 _aYES
650 _aGeneral
_bGeneral
942 _cBK
999 _c221318
_d221318